Football players starting with the letter F - Statistics

General Stats
  • This quiz has been taken 110 times
  • The average score is 13 of 16
Answer Stats
Picture Answer % Correct
Bruno Fernandes
94%
Phil Foden
94%
João Félix
93%
Roberto Firmino
93%
Enzo Fernández
89%
Fabinho
89%
Luís Figo
89%
Ansu Fati
88%
Diego Forlán
87%
Fred
87%
Fernandinho
86%
Radamel Falcao
83%
Cesc Fàbregas
81%
Nabil Fekir
79%
Felipe
48%
Lyle Foster
10%
No matching quizzes found
Score Distribution
Percent of People with Each Score
Percentile by Number Answered
Your Score History
You have not taken this quiz